Impresiones y recuerdos / (Record no. 113804)

MARC details
000 -LEADER
campo de control de longitud fija 00730nam a2200205 i 4500
001 - NÚMERO DE CONTROL
campo de control 113804
003 - IDENTIFICADOR DE NÚMERO DE CONTROL
campo de control ES-MaACL
005 - FECHA Y HORA DE LA ÚLTIMA TRANSACCIÓN
campo de control 20250701063142.0
007 - CAMPO FIJO DE DESCRIPCIÓN FÍSICA--INFORMACIÓN GENERAL
campo de control de longitud fija t|
008 - DATOS DE LONGITUD FIJA--INFORMACIÓN GENERAL
campo de control de longitud fija 061121m19091912sp cf r ||||1|bspa d
080 ## - NÚMERO DE LA CLASIFICACIÓN DECIMAL UNIVERSAL
Número de la Clasificación Decimal Universal 929 Nombela, Julio
100 1# - ENTRADA PRINCIPAL--NOMBRE DE PERSONA
Nombre de persona Nombela, Julio,
Fechas asociadas al nombre 1836-1919
9 (RLIN) 85930
245 10 - MENCIÓN DEL TÍTULO
Título Impresiones y recuerdos /
Mención de responsabilidad, etc. de Julio Nombela.
260 ## - PUBLICACIÓN, DISTRIBUCIÓN, ETC.
Lugar de publicación, distribución, etc. Madrid :
Nombre del editor, distribuidor, etc. La Última Moda,
Fecha de publicación, distribución, etc. 1909-12.
300 ## - DESCRIPCIÓN FÍSICA
Extensión 4 v. :
Otras características físicas 1 retr. del autor ;
Dimensiones 19 cm.
505 8# - NOTA DE CONTENIDO CON FORMATO
Nota de contenido con formato Contiene: v. 1. 1836 a 1854 (VII, 367 p.) -- v. 2. 1854 a 1860 (446 p.) -- v. 3. 1860 a 1873 (462 p.) -- v.4 1873 a 1912 (451 p.)
600 17 - PUNTO DE ACCESO ADICIONAL DE MATERIA--NOMBRE DE PERSONA
Nombre de persona Nombela, Julio,
Fechas asociadas al nombre 1836-1919
Fuente del encabezamiento o término embne
9 (RLIN) 85930
852 ## - LOCALIZACIÓN
Ubicación ES-MaACL
Número de control de estantería G-1971-74
Holdings
Estatus retirado Estado de pérdida Estado de daño No para préstamo Biblioteca de origen Biblioteca actual Ubicación en estantería Fecha de adquisición Fuente de adquisición Total de préstamos Signatura topográfica completa Código de barras Visto por última vez Precio de reemplazo Tipo de ítem Koha
        Biblioteca del Ateneo de Madrid Biblioteca del Ateneo de Madrid Depósito 2 17/01/2008     G-1971-74 1118688 23/02/2023 23/02/2023 Libro impreso